000 004780000a22001690004500
041 0 _aENG
082 0 4 _aG 266.0092 S1633f
100 1 _aSalem, Luis D.
245 1 0 _aFrancisco G. Penzotti : Apóstol de la libertad y la verdad / Luis D. Salem
260 _a[S.L] : Sociedades Bíblicas en América Latina
300 _a46 Pag
001 7491
942 _cBK
999 _c37703
_d37703
336 _atexto
_btxt
_2rdacontent
337 _2rdamedia
_asin mediación
_bn
338 _2rdacarrier
_avolumen
_bnc